|
|
|
|
| LEADER |
00000nam0a2200000 4500 |
| 001 |
129731 |
| 005 |
20231031133705.0 |
| 010 |
|
|
|a 1402050828
|
| 035 |
|
|
|a (RuTPU)RU\TPU\book\140422
|
| 035 |
|
|
|a RU\TPU\book\140418
|
| 090 |
|
|
|a 129731
|
| 100 |
|
|
|a 20080128d2006 k y0rusy50 ca
|
| 101 |
0 |
|
|a eng
|
| 102 |
|
|
|a NL
|
| 105 |
|
|
|a a z 001zy
|
| 200 |
1 |
|
|a IQ Calibration Techiques for Cmos Radio Transceivers
|f S.- J. Chen, Y.-H. Hsieh
|
| 210 |
|
|
|a Dordrecht
|c Springer
|d 2006
|
| 215 |
|
|
|a 90 p.
|c il.
|
| 225 |
1 |
|
|a Analog Circuits and Signal Processing Series
|
| 320 |
|
|
|a References: p. 89-90.
|
| 610 |
1 |
|
|a радиоэлектроника
|
| 610 |
1 |
|
|a радиоэлектронные устройства
|
| 610 |
1 |
|
|a архитектура
|
| 610 |
1 |
|
|a модуляторы
|
| 610 |
1 |
|
|a демодуляция
|
| 610 |
1 |
|
|a английский язык
|
| 675 |
|
|
|a 621.376
|v 3
|
| 700 |
|
1 |
|a Chen
|b S.- J.
|g Sao-Jie
|
| 701 |
|
1 |
|a Hsieh
|b Y.-H.
|g Yohg-Hsiang
|
| 801 |
|
1 |
|a RU
|b 63413507
|c 20080128
|g PSBO
|
| 801 |
|
2 |
|a RU
|b 63413507
|c 20080131
|g PSBO
|
| 942 |
|
|
|c BK
|